[Event "4NCL Online Division 3"]
[Site "online"]
[Date "2021.11.02"]
[EventDate "2021.11.02"]
[Round "6.121"]
[White "Logan, Vincent"]
[WhiteElo "1908"]
[WhiteTeam "Urmston and Stretford"]
[Black "Tennyson, John"]
[BlackElo "1977"]
[BlackTeam "Hackney Thirsty"]
[Result "1/2-1/2"]
[PlyCount "92"]

1. d4 Nf6 2. Nf3 d5 3. e3 e6 4. Bd3 c5 5. c3 Nc6 6. Nbd2 Be7 7. O-O O-O 8. dxc5 Bxc5 9. e4 e5 10. exd5 Qxd5 11. Qe2 Bg4 12. Ne4 Nxe4 13. Bxe4 Qe6 14. Qb5 Bb6 15. Bxh7+ Kh8 16. Be4 Bxf3 17. Bxf3 e4 18. Qh5+ Kg8 19. Bg4 f5 20. Bd1 Ne5 21. Bb3 Nc4 22. Qe2 Rac8 23. Be3 Rc7 24. Bxb6 axb6 25. Rfd1 Rfc8 26. Rd4 b5 27. Rad1 Kf8 28. Bxc4 bxc4 29. Rd8+ Ke7 30. Rxc8 Rxc8 31. Qd2 g6 32. Qd4 b5 33. Qg7+ Ke8 34. Qb7 Qc6 35. Qxc6+ Rxc6 36. a3 Ke7 37. g3 Rd6 38. Rxd6 Kxd6 39. Kf1 Ke5 40. Ke2 g5 41. f3 f4 42. gxf4+ Kxf4 43. fxe4 Kxe4 44. h3 Kf4 45. Kf2 Ke4 46. Ke2 Kf4 1/2-1/2

[Event "4NCL Online Division 3"]
[Site "online"]
[Date "2021.11.02"]
[EventDate "2021.11.02"]
[Round "6.122"]
[White "Domanski, Lukasz"]
[WhiteElo "1995"]
[WhiteTeam "Hackney Thirsty"]
[Black "Randall, Grant"]
[BlackElo "1566"]
[BlackTeam "Urmston and Stretford"]
[Result "1-0"]
[PlyCount "59"]

1. e4 e5 2. Bc4 Nf6 3. d3 Be7 4. Nc3 Nc6 5. f4 d6 6. f5 Bd7 7. a3 Nd4 8. Nf3 h6 9. g4 Bc6 10. Ba2 Nxf3+ 11. Qxf3 Qd7 12. h4 Rf8 13. g5 Ng8 14. Qh5 O-O-O 15. Bxf7 Kb8 16. Be6 Qe8 17. Qxe8 Rdxe8 18. Be3 Bd8 19. O-O-O hxg5 20. hxg5 Ne7 21. Rh7 g6 22. f6 Nc8 23. Bf7 Rh8 24. Rdh1 Rxh7 25. Rxh7 Rf8 26. Bxg6 a6 27. Bf7 Be8 28. Bxe8 Rxe8 29. f7 Rf8 30. g6 1-0

[Event "4NCL Online Division 3"]
[Site "online"]
[Date "2021.11.02"]
[EventDate "2021.11.02"]
[Round "6.123"]
[White "Sumner, Stuart"]
[WhiteElo "1501"]
[WhiteTeam "Urmston and Stretford"]
[Black "Ciesielski, Marceli"]
[BlackElo "1777"]
[BlackTeam "Hackney Thirsty"]
[Result "0-1"]
[PlyCount "114"]

1. e4 c5 2. Nf3 d6 3. Bb5+ Nd7 4. e5 dxe5 5. Nxe5 a6 6. Bxd7+ Bxd7 7. Nxd7 Qxd7 8. O-O Nf6 9. d3 e6 10. Nc3 Be7 11. Ne4 O-O 12. Bg5 Nxe4 13. Bxe7 Nxf2 14. Rxf2 Qxe7 15. Qf3 Rad8 16. Re1 Rd7 17. Rfe2 Qd6 18. Qf2 b6 19. Qe3 Qd5 20. Ra1 Qh5 21. Qe5 Rd5 22. Qxh5 Rxh5 23. Rae1 Rd8 24. g3 Rd4 25. Re4 Rhd5 26. Kg2 Kf8 27. R1e3 Ke7 28. Rxd4 cxd4 29. Re1 Rb5 30. b3 Rc5 31. Re2 a5 32. a4 Kd6 33. Rf2 Rf5 34. Re2 Kc5 35. g4 Rd5 36. Kg3 Kb4 37. Kf4 Kc3 38. Ke4 f6 39. Rg2 Re5+ 40. Kf4 g5+ 41. Kg3 Re3+ 42. Kf2 Kxc2 43. Kf1+ Kxb3 44. Rf2 f5 45. gxf5 exf5 46. Rxf5 Kxa4 47. Rd5 Rxd3 48. Rxg5 b5 49. Rg2 b4 50. Ra2+ Kb5 51. Rf2 b3 52. Rf5+ Kb4 53. Ke2 b2 54. Rf1 Rc3 55. Kd2 a4 56. Rf8 Ka3 57. Rb8 Rb3 0-1

[Event "4NCL Online Division 3"]
[Site "online"]
[Date "2021.11.02"]
[EventDate "2021.11.02"]
[Round "6.124"]
[White "Scott, David"]
[WhiteElo "1818"]
[WhiteTeam "Hackney Thirsty"]
[Black "Bellis, Dave"]
[BlackElo "1423"]
[BlackTeam "Urmston and Stretford"]
[Result "1-0"]
[PlyCount "75"]

1. d4 d6 2. c4 g6 3. Nf3 e6 4. Nc3 Bg7 5. e3 Ne7 6. Bd2 Nd7 7. Be2 a6 8. O-O b6 9. Qc2 Bb7 10. Ne4 h6 11. Bc3 O-O 12. Rfd1 Nf6 13. Nxf6+ Bxf6 14. b4 Bg7 15. a3 d5 16. c5 bxc5 17. dxc5 c6 18. Bxg7 Kxg7 19. e4 Qc7 20. Qb2+ f6 21. e5 f5 22. Nd4 Qxe5 23. Nxe6+ Kf6 24. Qxe5+ Kxe5 25. Nxf8 Rxf8 26. Re1 Kf6 27. Bd3 g5 28. Re2 Ng6 29. Rae1 Nf4 30. Re7 Rb8 31. g3 Nh3+ 32. Kg2 g4 33. R1e6+ Kg5 34. Rg7+ Kh5 35. Rf6 Bc8 36. Rgg6 Bd7 37. Rxh6+ Kg5 38. Rfg6# 1-0

[Event "4NCL Online Division 3"]
[Site "online"]
[Date "2021.11.02"]
[EventDate "2021.11.02"]
[Round "6.131"]
[White "Dasgupta, Avyukt"]
[WhiteElo "1723"]
[WhiteTeam "Watford Juniors A"]
[Black "Punnett, Alan K"]
[BlackElo "2084"]
[BlackTeam "Guildford Castles 1"]
[Result "1/2-1/2"]
[PlyCount "136"]

1. d4 Nf6 2. Bf4 d5 3. e3 e6 4. c3 Bd6 5. Bg3 c5 6. Nd2 Qc7 7. Ngf3 Nbd7 8. Bxd6 Qxd6 9. Bd3 O-O 10. O-O e5 11. dxe5 Nxe5 12. Nxe5 Qxe5 13. Nf3 Qh5 14. h3 Be6 15. Qe2 Rad8 16. Rad1 a6 17. a4 Rfe8 18. Rd2 Ne4 19. Rdd1 Bd7 20. Bc2 Bc6 21. Rfe1 Re6 22. Nd2 Qxe2 23. Rxe2 Nd6 24. Nb3 b6 25. a5 Bb5 26. Red2 d4 27. Nxd4 cxd4 28. Rxd4 Kf8 29. c4 Bc6 30. axb6 Ke7 31. c5 Nb7 32. b4 h6 33. Bd3 Bb5 34. Bxb5 axb5 35. Ra1 Rb8 36. Ra7 Rc6 37. Kh2 Ke6 38. Re4+ Kd5 39. Rd4+ Ke6 40. Re4+ Kd5 41. Re7 Nxc5 42. bxc5 Kxc5 43. Rxf7 Rbxb6 44. Rf4 b4 45. Ra1 b3 46. Rb1 b2 47. Rd4 Rb3 48. Kg3 Rcb6 49. Kf3 R6b4 50. Ke2 Rxd4 51. exd4+ Kxd4 52. Kd2 g5 53. Kc2 Rb7 54. Rd1+ Ke4 55. Kb1 Rb6 56. Rd2 h5 57. Rd8 Rf6 58. f3+ Kf4 59. Kxb2 Kg3 60. Rd2 g4 61. fxg4 hxg4 62. hxg4 Kxg4 63. Kc2 Kg3 64. Kd1 Re6 65. Kc2 Re7 66. Kd1 Re6 67. Kc2 Re7 68. Kd1 Re6 1/2-1/2

[Event "4NCL Online Division 3"]
[Site "online"]
[Date "2021.11.02"]
[EventDate "2021.11.02"]
[Round "6.132"]
[White "Young, Craig A"]
[WhiteElo "2081"]
[WhiteTeam "Guildford Castles 1"]
[Black "Keerthi Kumar, Advait"]
[BlackElo "1415"]
[BlackTeam "Watford Juniors A"]
[Result "1-0"]
[PlyCount "39"]

1. d4 e6 2. Nf3 f5 3. Nc3 Nf6 4. Bg5 Be7 5. Bxf6 Bxf6 6. e4 fxe4 7. Nxe4 O-O 8. Bd3 b6 9. h4 Bb7 10. Nfg5 Bxd4 11. Qh5 h6 12. Qg6 Rf4 13. O-O-O d5 14. Qxe6+ Kh8 15. Ng3 Qf6 16. Qe8+ Qf8 17. Qg6 Qg8 18. Nf5 Bxb2+ 19. Kxb2 Rb4+ 20. Ka1 1-0

[Event "4NCL Online Division 3"]
[Site "online"]
[Date "2021.11.02"]
[EventDate "2021.11.02"]
[Round "6.133"]
[White "Demjan, Denisz"]
[WhiteElo "1383"]
[WhiteTeam "Watford Juniors A"]
[Black "Kueh, Audrey"]
[BlackElo "2080"]
[BlackTeam "Guildford Castles 1"]
[Result "0-1"]
[PlyCount "144"]

1. e4 c6 2. Nc3 d5 3. exd5 cxd5 4. d4 Nf6 5. Nge2 Bg4 6. Bf4 e6 7. Qd2 Bb4 8. a3 Ba5 9. h3 Bh5 10. Ng3 Bg6 11. Bd3 Bxd3 12. Qxd3 Nc6 13. O-O Rc8 14. Nb5 O-O 15. Nd6 Rc7 16. Nb5 Rd7 17. Nc3 Bc7 18. Bxc7 Qxc7 19. Rfe1 Rc8 20. Rac1 Qb6 21. Rb1 Qxd4 22. Qxd4 Nxd4 23. Rbc1 Rc5 24. Nge2 Nxe2+ 25. Nxe2 d4 26. Red1 Rcd5 27. Nf4 Rb5 28. Nd3 h5 29. f3 Nd5 30. Kf2 Ne3 31. Re1 h4 32. Re2 Rg5 33. Ne1 Nc4 34. Nd3 Rdd5 35. a4 Rg3 36. b3 Ne3 37. Rg1 Rdg5 38. Ne1 Nd5 39. Rd2 Nf4 40. Rxd4 Nxh3+ 41. Kf1 Nxg1 42. Kxg1 h3 43. Rg4 R5xg4 44. fxg4 hxg2 45. Nxg2 Rxg4 46. Kf2 Rxg2+ 47. Kxg2 Kf8 48. Kf3 Ke7 49. c4 Kd6 50. b4 a5 51. bxa5 Kc5 52. Ke4 Kxc4 53. Ke5 Kb4 54. Kd6 Kxa5 55. Kc7 Kxa4 56. Kxb7 e5 57. Kc6 e4 58. Kd5 e3 59. Kc4 e2 60. Kc3 e1=Q+ 61. Kc4 f5 62. Kc5 f4 63. Kc4 f3 64. Kc5 f2 65. Kc4 f1=Q+ 66. Kc5 g5 67. Kc6 g4 68. Kc5 g3 69. Kc6 g2 70. Kc5 g1=Q+ 71. Kd5 Qf3+ 72. Kc4 Qee4# 0-1

[Event "4NCL Online Division 3"]
[Site "online"]
[Date "2021.11.02"]
[EventDate "2021.11.02"]
[Round "6.134"]
[White "White, Nigel"]
[WhiteElo "2018"]
[WhiteTeam "Guildford Castles 1"]
[Black "George, Seb"]
[BlackElo "1267"]
[BlackTeam "Watford Juniors A"]
[Result "1-0"]
[PlyCount "49"]

1. e4 e5 2. Nf3 Nc6 3. Bb5 Nf6 4. d4 Nxd4 5. Nxd4 exd4 6. Qxd4 c5 7. Qe3 a6 8. Be2 b5 9. e5 Nd5 10. Qg3 Bb7 11. O-O d6 12. c4 Nc7 13. Rd1 bxc4 14. exd6 Ne6 15. d7+ Ke7 16. Bxc4 Nd4 17. Qe5+ Kxd7 18. Be3 Qf6 19. Bxd4 cxd4 20. Rxd4+ Bd6 21. Qxf6 gxf6 22. Nc3 Ke7 23. Re1+ Be5 24. f4 Rhg8 25. Bd5 1-0

[Event "4NCL Online Division 3"]
[Site "online"]
[Date "2021.11.02"]
[EventDate "2021.11.02"]
[Round "6.141"]
[White "Brozel, Sacha"]
[WhiteElo "2311"]
[WhiteTeam "Barnet Knights A"]
[Black "Adaway, William"]
[BlackElo "1878"]
[BlackTeam "Wessex Some Stars D"]
[Result "1-0"]
[PlyCount "69"]

1. g3 Nf6 2. Bg2 d5 3. Nf3 e6 4. c4 d4 5. O-O c5 6. e3 Nc6 7. exd4 cxd4 8. Re1 Bd6 9. d3 O-O 10. Bg5 h6 11. Bxf6 Qxf6 12. Nbd2 Qe7 13. Nb3 Qf6 14. c5 Bc7 15. Nfd2 Rb8 16. Nc4 Qe7 17. Qe2 Rd8 18. Rac1 Bd7 19. a3 e5 20. f4 Re8 21. fxe5 Nxe5 22. Nxe5 Qxe5 23. Qf2 Qg5 24. Qxd4 Bc6 25. Qc4 Re3 26. Rf1 Bxg3 27. Rc2 Rd8 28. Nd4 Bd5 29. Bxd5 Bxh2+ 30. Kxh2 Qg3+ 31. Kh1 Qh3+ 32. Kg1 Rxd5 33. Qxd5 Qg4+ 34. Rg2 Rg3 35. Qxf7+ 1-0

[Event "4NCL Online Division 3"]
[Site "online"]
[Date "2021.11.02"]
[EventDate "2021.11.02"]
[Round "6.142"]
[White "Weatherlake, John P"]
[WhiteElo "1870"]
[WhiteTeam "Wessex Some Stars D"]
[Black "Ethelontis, Alexandros N"]
[BlackElo "2127"]
[BlackTeam "Barnet Knights A"]
[Result "0-1"]
[PlyCount "106"]

1. Nc3 e6 2. e4 d5 3. d4 Bb4 4. exd5 exd5 5. Bd3 Ne7 6. Nf3 O-O 7. O-O Bf5 8. Bg5 f6 9. Bf4 Nbc6 10. Bxf5 Nxf5 11. Qd3 Nfe7 12. a3 Bd6 13. Qe3 Bxf4 14. Qxf4 Qd7 15. Rad1 Ng6 16. Qg3 Nce7 17. h4 h5 18. Rfe1 Rf7 19. Rd2 Kh7 20. Nd1 Nf5 21. Qh2 Nd6 22. Rde2 Ne4 23. Nd2 f5 24. f3 Nd6 25. Qg3 Qd8 26. Qg5 Qxg5 27. hxg5 f4 28. Nf2 Nf5 29. c3 a5 30. Nb3 b6 31. Nc1 c5 32. dxc5 bxc5 33. Ncd3 c4 34. Ne5 Nxe5 35. Rxe5 Ne3 36. Nh3 Rb8 37. Re6 Rf5 38. Nxf4 Rxf4 39. R1xe3 Rxb2 40. R3e5 d4 41. g6+ Kh6 42. Re8 dxc3 43. Re1 c2 44. Rc1 Rd4 45. Ree1 Kxg6 46. Kh2 Rd2 47. Kg3 Kf5 48. f4 Rb3+ 49. Kh2 Kxf4 50. a4 Re3 51. Rcd1 cxd1=Q 52. Rf1+ Rf3 53. Rxd1 Rxd1 0-1

[Event "4NCL Online Division 3"]
[Site "online"]
[Date "2021.11.02"]
[EventDate "2021.11.02"]
[Round "6.143"]
[White "Rasalingam, Haran"]
[WhiteElo "2039"]
[WhiteTeam "Barnet Knights A"]
[Black "Du Toit, Reenen J"]
[BlackElo "1863"]
[BlackTeam "Wessex Some Stars D"]
[Result "1-0"]
[PlyCount "101"]

1. e4 e6 2. b3 d5 3. Bb2 dxe4 4. Nc3 Nf6 5. Qe2 Nbd7 6. O-O-O c6 7. g4 h6 8. Bg2 Qa5 9. Kb1 Ba3 10. Ba1 Qg5 11. h3 h5 12. Nxe4 Nxe4 13. Qxe4 hxg4 14. Ne2 Nf6 15. Qa4 Qb5 16. Qxa3 Qxe2 17. hxg4 Rg8 18. Qd6 Bd7 19. g5 Ne4 20. Qf4 Nc5 21. Rde1 Qb5 22. Bxg7 O-O-O 23. Bf6 Rde8 24. Qd6 Na6 25. Rh3 Qb4 26. Qe5 Qxd2 27. Rd3 Qxf2 28. Red1 Nb4 29. R3d2 Qb6 30. Rxd7 Nd5 31. Bxd5 exd5 32. Re7 Rxe7 33. Qxe7 Qc7 34. Re1 Qg3 35. Kb2 d4 36. Bxd4 Qxg5 37. Qxf7 Qd8 38. Bf6 Qf8 39. Qe6+ Kb8 40. Rd1 Qc8 41. Qxg8 Qxg8 42. Rd8+ Qxd8 43. Bxd8 Kc8 44. Bf6 Kc7 45. Kc3 Kd6 46. a4 Kd5 47. Bd4 c5 48. Bg1 a6 49. a5 Kc6 50. Kc4 b6 51. axb6 1-0

[Event "4NCL Online Division 3"]
[Site "online"]
[Date "2021.11.02"]
[EventDate "2021.11.02"]
[Round "6.144"]
[White "Chilton, James I"]
[WhiteElo "1816"]
[WhiteTeam "Wessex Some Stars D"]
[Black "Covey, Jason"]
[BlackElo "1994"]
[BlackTeam "Barnet Knights A"]
[Result "1-0"]
[PlyCount "143"]

1. d4 e6 2. c4 Nf6 3. Nc3 Bb4 4. Bf4 O-O 5. Nf3 b6 6. e3 Bb7 7. Bd3 Re8 8. O-O Bxc3 9. bxc3 d6 10. Re1 Nbd7 11. Nd2 e5 12. Bg3 c5 13. d5 e4 14. Bc2 Qc7 15. Qb1 Ba6 16. Bxe4 Nxe4 17. Nxe4 Ne5 18. Bxe5 Rxe5 19. Nd2 Qe7 20. a4 Rh5 21. e4 Rb8 22. Ra3 Bc8 23. Qd1 Qh4 24. Nf3 Qf4 25. Qd2 Qf6 26. Qe3 Ba6 27. e5 dxe5 28. Nxe5 Qh4 29. Nf3 Qd8 30. Qf4 g6 31. d6 Rf5 32. Qd2 Bxc4 33. Ne5 Be6 34. Nc6 Qc8 35. Nxb8 Qxb8 36. a5 Rd5 37. Qf4 Qxd6 38. Qxd6 Rxd6 39. axb6 axb6 40. Rea1 b5 41. h3 Rd3 42. Ra8+ Kg7 43. Rb8 Rxc3 44. Rxb5 c4 45. Rc5 Rc2 46. Ra3 h5 47. f3 Bf5 48. g4 hxg4 49. hxg4 Bd3 50. Rc7 Rc1+ 51. Kf2 Rf1+ 52. Ke3 Re1+ 53. Kf4 Re6 54. Raa7 Rf6+ 55. Kg3 Be2 56. f4 Bd3 57. g5 Rf5 58. Kf3 Kf8 59. Ke3 Kg7 60. Ra4 Kf8 61. Ra6 Kg7 62. Rac6 Kf8 63. Rf6 Rxf6 64. gxf6 Ke8 65. Re7+ Kf8 66. Kd4 Bf1 67. Ke5 Bd3 68. Rc7 Bf1 69. Kd6 Kg8 70. Ke7 Bd3 71. Rc8+ Kh7 72. Kxf7 1-0

[Event "4NCL Online Division 3"]
[Site "online"]
[Date "2021.11.02"]
[EventDate "2021.11.02"]
[Round "6.151"]
[White "Stoker, Andrew J"]
[WhiteElo "2023"]
[WhiteTeam "Manchester Manticores"]
[Black "Tait, Bill"]
[BlackElo "1649"]
[BlackTeam "Bradford DCA Knights B"]
[Result "0-1"]
[PlyCount "112"]

1. e4 e5 2. Nf3 d6 3. Bc4 h6 4. c3 Nf6 5. Qb3 Qd7 6. d3 Nc6 7. Nbd2 Na5 8. Qc2 Nxc4 9. Nxc4 Be7 10. h3 b6 11. Bd2 Bb7 12. Ne3 c5 13. O-O-O g6 14. g4 O-O-O 15. Rhg1 h5 16. g5 Ne8 17. h4 Nc7 18. Kb1 Qc6 19. Qb3 Rhf8 20. Nc4 Qb5 21. Qxb5 Nxb5 22. Be3 Nc7 23. Ncd2 Ne6 24. Rc1 Rd7 25. d4 exd4 26. cxd4 Kb8 27. d5 Ng7 28. Nc4 b5 29. Na3 a6 30. b4 c4 31. Nd4 Rc8 32. Nac2 Ne8 33. Kb2 Nc7 34. f4 Bf8 35. f5 Re7 36. Ne6 fxe6 37. fxe6 Nxe6 38. dxe6 Rxe6 39. Rgf1 Bxe4 40. Nd4 Bg7 41. Kc3 Bxd4+ 42. Kxd4 d5 43. Rf7 Rce8 44. Kc5 Ka8 45. Rcf1 Bd3 46. R1f6 Rxf6 47. Rxf6 Rxe3 48. Rf8+ Kb7 49. Rf7+ Kc8 50. Kd6 Re8 51. Ra7 Rd8+ 52. Kc6 Kb8 53. Rxa6 Rc8+ 54. Kb6 Rc7 55. Kxb5 c3+ 56. Ka4 Bxa6 0-1

[Event "4NCL Online Division 3"]
[Site "online"]
[Date "2021.11.02"]
[EventDate "2021.11.02"]
[Round "6.152"]
[White "Clarke, Paul R H"]
[WhiteElo "1699"]
[WhiteTeam "Bradford DCA Knights B"]
[Black "Reed, John"]
[BlackElo "1878"]
[BlackTeam "Manchester Manticores"]
[Result "1/2-1/2"]
[PlyCount "71"]

1. d4 d5 2. Bf4 Nf6 3. e3 e6 4. Nd2 Bd6 5. Bg3 O-O 6. Ngf3 c5 7. c3 Nc6 8. Bd3 b6 9. O-O Bxg3 10. hxg3 Bb7 11. Re1 h6 12. Bc2 Rc8 13. dxc5 bxc5 14. e4 dxe4 15. Nxe4 Nxe4 16. Bxe4 Qb6 17. Qb3 Rfd8 18. Bxc6 Qxc6 19. Red1 Rd5 20. Rxd5 exd5 21. Qc2 Re8 22. Re1 Rxe1+ 23. Nxe1 Qd6 24. Qd3 Ba6 25. Qd2 Qe6 26. Nd3 Bxd3 27. Qxd3 d4 28. cxd4 cxd4 29. Qxd4 Qxa2 30. b4 a6 31. Qc5 Qe6 32. Qd4 Qe1+ 33. Kh2 Qe6 34. Kg1 Qe1+ 35. Kh2 Qe6 36. Kg1 1/2-1/2

[Event "4NCL Online Division 3"]
[Site "online"]
[Date "2021.11.02"]
[EventDate "2021.11.02"]
[Round "6.153"]
[White "Sheppard, Daniel C"]
[WhiteElo "1872"]
[WhiteTeam "Manchester Manticores"]
[Black "Adam, David W"]
[BlackElo "1603"]
[BlackTeam "Bradford DCA Knights B"]
[Result "1-0"]
[PlyCount "65"]

1. d4 Nf6 2. Nc3 d5 3. Bf4 c6 4. e3 g6 5. Be2 Bg7 6. Nf3 O-O 7. Ne5 Nbd7 8. h4 h5 9. f3 Nxe5 10. Bxe5 Bh6 11. Bf4 Bxf4 12. exf4 Qd6 13. Qd2 c5 14. Nb5 Qc6 15. dxc5 a6 16. Nd4 Qxc5 17. O-O-O Bd7 18. Kb1 Rac8 19. g4 hxg4 20. h5 gxf3 21. Bxf3 Kg7 22. hxg6 Rh8 23. gxf7 Kxf7 24. Rxh8 Rxh8 25. Nb3 Qc7 26. Bxd5+ Nxd5 27. Qxd5+ Be6 28. Qg5 Bxb3 29. axb3 Rh2 30. Qf5+ Ke8 31. Qg6+ Kf8 32. Rg1 e6 33. Qg8+ 1-0

[Event "4NCL Online Division 3"]
[Site "online"]
[Date "2021.11.02"]
[EventDate "2021.11.02"]
[Round "6.154"]
[White "Gallagher, Dominic"]
[WhiteElo "1595"]
[WhiteTeam "Bradford DCA Knights B"]
[Black "Potter, Steven"]
[BlackElo "1833"]
[BlackTeam "Manchester Manticores"]
[Result "0-1"]
[PlyCount "46"]

1. d4 e6 2. Bf4 b6 3. e3 Bb7 4. Nf3 c5 5. Nbd2 Nf6 6. Bd3 Nc6 7. c3 Be7 8. h3 cxd4 9. exd4 Nd5 10. Bh2 f5 11. Ne5 O-O 12. O-O Nf6 13. Qe2 Qe8 14. Rad1 Nxe5 15. dxe5 Nd5 16. Nb3 Qg6 17. g4 h5 18. f3 Qh6 19. f4 fxg4 20. hxg4 Nxf4 21. Bxf4 Rxf4 22. Rxf4 Qxf4 23. Qh2 Qxg4+ 0-1

[Event "4NCL Online Division 3"]
[Site "online"]
[Date "2021.11.02"]
[EventDate "2021.11.02"]
[Round "6.161"]
[White "Lambton, David"]
[WhiteElo "1891"]
[WhiteTeam "Crewe AOL"]
[Black "Dobbie, Graham"]
[BlackElo "1823"]
[BlackTeam "East Kilbride Strollers"]
[Result "0-1"]
[PlyCount "64"]

1. c4 e6 2. g3 d5 3. Bg2 Nf6 4. Nf3 Bd6 5. O-O O-O 6. b3 Re8 7. Bb2 c6 8. Nc3 e5 9. d4 e4 10. Nd2 Bf5 11. e3 Nbd7 12. Rc1 a6 13. f3 exf3 14. Qxf3 Bg4 15. Qf2 dxc4 16. bxc4 c5 17. d5 Qe7 18. Nce4 Nxe4 19. Nxe4 Be5 20. d6 Qe6 21. Ng5 Qg6 22. Bxe5 Nxe5 23. h4 Nd3 24. Qd2 Nxc1 25. Bd5 Ne2+ 26. Kh2 Be6 27. Bxe6 Rxe6 28. d7 Rd6 29. Qxe2 Rxd7 30. Qg4 Rd2+ 31. Kh3 h6 32. Nxf7 Rh2+ 0-1

[Event "4NCL Online Division 3"]
[Site "online"]
[Date "2021.11.02"]
[EventDate "2021.11.02"]
[Round "6.162"]
[White "Madhavan, Sanjith"]
[WhiteElo "1699"]
[WhiteTeam "East Kilbride Strollers"]
[Black "Lockett, Karl"]
[BlackElo "1817"]
[BlackTeam "Crewe AOL"]
[Result "1-0"]
[PlyCount "51"]

1. e4 c5 2. Nf3 g6 3. d4 cxd4 4. Nxd4 Nc6 5. c4 Bg7 6. Be3 Nf6 7. Nc3 d6 8. Be2 O-O 9. O-O Bd7 10. Qd2 Nxd4 11. Bxd4 Bc6 12. f3 a5 13. b3 Nd7 14. Be3 Nc5 15. Rab1 Qb6 16. Rfc1 Rfc8 17. Rc2 Qd8 18. Rbc1 Na6 19. Nd5 Bxd5 20. cxd5 Nb4 21. Rxc8 Rxc8 22. Rxc8 Qxc8 23. Bc4 Qb8 24. Bb6 Qa8 25. a3 Na6 26. Qxa5 1-0

[Event "4NCL Online Division 3"]
[Site "online"]
[Date "2021.11.02"]
[EventDate "2021.11.02"]
[Round "6.163"]
[White "Hulme, David I"]
[WhiteElo "1752"]
[WhiteTeam "Crewe AOL"]
[Black "Robertson, Jim"]
[BlackElo "1703"]
[BlackTeam "East Kilbride Strollers"]
[Result "1-0"]
[PlyCount "47"]

1. e4 c6 2. d4 d5 3. e5 c5 4. c3 Nc6 5. Nf3 Bg4 6. Bb5 Qc7 7. dxc5 Bxf3 8. Qxf3 e6 9. Bxc6+ Qxc6 10. b4 a5 11. Be3 axb4 12. cxb4 b6 13. O-O bxc5 14. bxc5 Ne7 15. Nd2 Nf5 16. Nb3 Nxe3 17. fxe3 Qc7 18. Rf2 Ra7 19. Nd4 Qxe5 20. Rc1 Qf6 21. Qg3 Qd8 22. Nc6 Qc7 23. Nxa7 Bd6 24. Qxd6 1-0

[Event "4NCL Online Division 3"]
[Site "online"]
[Date "2021.11.02"]
[EventDate "2021.11.02"]
[Round "6.164"]
[White "Smith, Bob"]
[WhiteElo "1429"]
[WhiteTeam "East Kilbride Strollers"]
[Black "Layhe, Simon"]
[BlackElo "1690"]
[BlackTeam "Crewe AOL"]
[Result "0-1"]
[PlyCount "84"]

1. b3 d5 2. Bb2 c5 3. g3 Nc6 4. Bg2 Nf6 5. e3 e5 6. d3 Bd6 7. Ne2 Be6 8. Nd2 Qd7 9. h3 O-O-O 10. a3 h5 11. c4 dxc4 12. dxc4 Bf5 13. Nc3 Rhe8 14. Nd5 Bc7 15. b4 cxb4 16. axb4 Nxd5 17. cxd5 Nxb4 18. O-O Bxh3 19. Rxa7 Bxg2 20. Ra8+ Bb8 21. Qc1+ Qc7 22. Kxg2 Qxc1 23. Rxc1+ Kd7 24. Ba3 Nxd5 25. Ne4 b6 26. Rd1 Kc6 27. Rc1+ Kb7 28. Ra4 f6 29. Bb2 Rc8 30. Rh1 Rc2 31. Bc1 Rec8 32. Ra1 g6 33. Ba3 Nxe3+ 34. Kf3 Ng4 35. Bd6 f5 36. Bxb8 fxe4+ 37. Kg2 Rxf2+ 38. Kh3 Kxb8 39. Rab1 Kb7 40. Rbe1 Rd2 41. Ref1 Nf2+ 42. Rxf2 Rxf2 0-1

[Event "4NCL Online Division 3"]
[Site "online"]
[Date "2021.11.16"]
[EventDate "2021.11.16"]
[Round "7.12"]
[White "Jayawarna, Thisumi"]
[WhiteElo "1601"]
[WhiteTeam "Manchester Juniors B"]
[Black "Brennan, Oliver"]
[BlackElo "1685"]
[BlackTeam "Darnall & Handsworth"]
[Result "0-1"]
[PlyCount "42"]

1. e4 c5 2. Nf3 Nc6 3. d4 cxd4 4. Nxd4 e5 5. Nb5 a6 6. Nd6+ Bxd6 7. Qxd6 Qf6 8. Qxf6 Nxf6 9. f3 d5 10. exd5 Nxd5 11. c3 Be6 12. Nd2 Ne3 13. Bd3 O-O-O 14. Ke2 Nxg2 15. Ne4 Nf4+ 16. Bxf4 exf4 17. Rhg1 g6 18. Ng5 Rhe8 19. Be4 f5 20. Bxc6 Bc4+ 21. Kf2 Rd2# 0-1

[Event "4NCL Online Division 3"]
[Site "online"]
[Date "2021.11.16"]
[EventDate "2021.11.16"]
[Round "7.13"]
[White "Holroyd-Doveton, Nathaniel"]
[WhiteElo "1626"]
[WhiteTeam "Darnall & Handsworth"]
[Black "Eccleston, Bryony"]
[BlackElo "1526"]
[BlackTeam "Manchester Juniors B"]
[Result "1-0"]
[PlyCount "89"]

1. c4 Nf6 2. Nc3 e6 3. e4 Nc6 4. d4 Bb4 5. e5 Ne4 6. Qd3 Nxc3 7. bxc3 Be7 8. Qg3 Bf8 9. Nf3 b6 10. Be2 Ba6 11. Be3 Na5 12. Nd2 Qe7 13. O-O Qa3 14. Rfc1 Qb2 15. Qf3 Bb7 16. Qg3 Rb8 17. c5 bxc5 18. Rab1 Qxa2 19. Ba6 Qd5 20. c4 Nxc4 21. Nxc4 cxd4 22. Bxb7 Rxb7 23. Rxb7 Qxb7 24. Bxd4 Qd5 25. Bxa7 g6 26. Qb3 Be7 27. Rd1 Qc6 28. Qd3 h5 29. Ne3 Bg5 30. h3 Bf4 31. Rb1 Ke7 32. Qb3 Bxe5 33. Qa3+ Bd6 34. Qb2 Ra8 35. Bd4 Ba3 36. Bf6+ Kd6 37. Qd4+ Qd5 38. Nxd5 exd5 39. Ra1 Bc5 40. Qe5+ Kc6 41. Rxa8 Kb7 42. Ra1 Bd6 43. Qxd5+ Kb6 44. Rb1+ Ka6 45. Qa8# 1-0

[Event "4NCL Online Division 3"]
[Site "online"]
[Date "2021.11.16"]
[EventDate "2021.11.16"]
[Round "7.14"]
[White "Correa, Rebecca"]
[WhiteElo "1502"]
[WhiteTeam "Manchester Juniors B"]
[Black "Feather, Harry"]
[BlackElo "1610"]
[BlackTeam "Darnall & Handsworth"]
[Result "0-1"]
[PlyCount "82"]

1. d4 f5 2. Nf3 Nf6 3. Bf4 e6 4. h3 Nc6 5. e3 b6 6. Be2 Bd6 7. Bxd6 cxd6 8. O-O Bb7 9. Nbd2 O-O 10. c4 Qc7 11. Rc1 Ne7 12. Nb3 Be4 13. Nfd2 Bc6 14. Bf3 d5 15. cxd5 Nexd5 16. Nc4 d6 17. Bxd5 Nxd5 18. a3 a5 19. Ncd2 a4 20. Na1 Qd7 21. Nc2 Bb5 22. Re1 Rac8 23. Nf3 Rc4 24. Qd2 Rfc8 25. Nb4 Nxb4 26. axb4 Qc6 27. Rxc4 Qxc4 28. Ng5 h6 29. Nf3 Qc2 30. Qxc2 Rxc2 31. Rb1 Rc4 32. Ne1 Rxb4 33. Nc2 Rb3 34. Na3 Bd3 35. Rd1 b5 36. Rd2 b4 37. Nc2 Rxb2 38. Rxd3 Rxc2 39. Rd1 b3 40. Rb1 b2 41. Kh2 a3 0-1

[Event "4NCL Online Division 3"]
[Site "online"]
[Date "2021.11.16"]
[EventDate "2021.11.16"]
[Round "7.21"]
[White "Vaidyanathan, Adithya"]
[WhiteElo "1446"]
[WhiteTeam "Warwickshire Bears B"]
[Black "Kolbusz, George"]
[BlackElo "1831"]
[BlackTeam "Shropshire and Friends 3"]
[Result "1-0"]
[PlyCount "57"]

1. Nf3 g6 2. d4 Bg7 3. c4 d6 4. Nc3 Nf6 5. Bf4 c6 6. e4 O-O 7. Be2 Nh5 8. Be3 e5 9. d5 Nf4 10. O-O Qe7 11. Qd2 Nxe2+ 12. Qxe2 c5 13. Nd2 f5 14. f4 a6 15. fxe5 Bxe5 16. Nf3 Bxc3 17. bxc3 Qxe4 18. Nd2 Qe5 19. Nf3 Qxc3 20. Bh6 Qf6 21. Bxf8 Qxf8 22. Rfe1 Bd7 23. a4 a5 24. Qe7 h6 25. Rab1 Bc8 26. Nh4 Qxe7 27. Rxe7 Na6 28. Nxg6 Nb4 29. Rc7 1-0

[Event "4NCL Online Division 3"]
[Site "online"]
[Date "2021.11.16"]
[EventDate "2021.11.16"]
[Round "7.22"]
[White "Lovatt, Peter G"]
[WhiteElo "1787"]
[WhiteTeam "Shropshire and Friends 3"]
[Black "Vaidyanathan, Sathya"]
[BlackElo "1328"]
[BlackTeam "Warwickshire Bears B"]
[Result "1/2-1/2"]
[PlyCount "81"]

1. e4 e5 2. Nc3 Nf6 3. f4 exf4 4. e5 Ng8 5. Nf3 Nc6 6. d4 d6 7. Bxf4 dxe5 8. dxe5 Be6 9. Bb5 Ne7 10. O-O a6 11. Ba4 b5 12. Bb3 Bxb3 13. axb3 Ng6 14. Qxd8+ Nxd8 15. Be3 c6 16. Ne4 Nb7 17. c3 Be7 18. Rfd1 O-O 19. Rd7 Nd8 20. Rad1 Ne6 21. b4 Rfd8 22. Rxd8+ Rxd8 23. Rxd8+ Bxd8 24. g3 Bc7 25. Nd6 Nxe5 26. Nxe5 Bxd6 27. Nxc6 f5 28. Kg2 f4 29. gxf4 Nxf4+ 30. Bxf4 Bxf4 31. b3 Kf7 32. c4 bxc4 33. bxc4 Ke6 34. h3 Kd7 35. Kf3 Bd2 36. Ne5+ Kc7 37. Nd3 a5 38. bxa5 Bxa5 39. Ke4 Kd6 40. Kf5 Bc3 41. Ke4 1/2-1/2